000 00293nam a2200133Ia 4500
008 190216s9999||||xx |||||||||||||| ||und||
100 _aYadav M S
245 0 _aThermodynamics
250 _a1st Ed.
260 _bAnmol Publications
_c1990
300 _a311
650 _aChemistry
942 _cBK
999 _c2780
_d2780